Amilcar Cabral: (Record no. 4577)
[ view plain ]
| 000 -LEADER | |
|---|---|
| fixed length control field | 00491nam a2200217Ia 4500 |
| 003 - CONTROL NUMBER IDENTIFIER | |
| control field | 0100 |
| 008 - FIXED-LENGTH DATA ELEMENTS--GENERAL INFORMATION | |
| fixed length control field | 130227s9999 xx 000 0 und d |
| 040 ## - CATALOGING SOURCE | |
| Transcribing agency | ARRUPELIB |
| 050 ## - LIBRARY OF CONGRESS CALL NUMBER | |
| Classification number | DT613.76.C3C52 1983 |
| 100 ## - MAIN ENTRY--PERSONAL NAME | |
| Personal name | Chabal, Patrick |
| 9 (RLIN) | 39042 |
| 245 ## - TITLE STATEMENT | |
| Title | Amilcar Cabral: |
| Remainder of title | revolutionary leadership and people's war / |
| 260 ## - PUBLICATION, DISTRIBUTION, ETC. (IMPRINT) | |
| Place of publication, distribution, etc | London |
| Name of publisher, distributor, etc | Hurst |
| Date of publication, distribution, etc | 1983 |
| 300 ## - PHYSICAL DESCRIPTION | |
| Extent | xv |
| 300 ## - PHYSICAL DESCRIPTION | |
| Other physical details | 272p. 23cm. |
| 650 ## - SUBJECT ADDED ENTRY--TOPICAL TERM | |
| Topical term or geographic name as entry element | Cabral, Amilcar |
| 9 (RLIN) | 39040 |
| 650 ## - SUBJECT ADDED ENTRY--TOPICAL TERM | |
| Topical term or geographic name as entry element | Guinea Bissau |
| General subdivision | Politics |
| Chronological subdivision | To 1974 |
| 9 (RLIN) | 39043 |
| 650 ## - SUBJECT ADDED ENTRY--TOPICAL TERM | |
| Topical term or geographic name as entry element | National liberation movements |
| Geographic subdivision | Guinea-Bissau |
| 9 (RLIN) | 39044 |
| 942 ## - ADDED ENTRY ELEMENTS (KOHA) | |
| Source of classification or shelving scheme | Library of Congress Classification |
| Item type | Monograph ( Printed materials) |
| Withdrawn status | Lost status | Source of classification or shelving scheme | Damaged status | Not for loan | Collection code | Home library | Current library | Shelving location | Date acquired | Total Checkouts | Full call number | Barcode | Date last seen | Copy number | Price effective from | Koha item type |
|---|---|---|---|---|---|---|---|---|---|---|---|---|---|---|---|---|
| Library of Congress Classification | Main Collection | ARRUPE LIBRARY | ARRUPE LIBRARY | 27/02/2013 | DT613.76.C3C52 1983 | 46405919 | 07/12/2017 | 1 | 27/02/2013 | Monograph ( Printed materials) |